000 00658nas a2200229 4500
001 BR9510690
003 BR-BrBNA
005 20231205094558.0
007 ta
008 230509b bl.|||p| |||| 00| 00por d
040 _aBR-BrBNA
_bpor
_cBiblioteca Nacional de Agricultura
041 _a(Pt)
072 _aL73
100 1 _aDavidson, J.B.
100 1 _aSutherland, I.H.
245 1 _aCoccidiose, doenca comum nos rebanhos de ovelhas
650 _aOvelha
650 _aCoccidiose
773 0 _tAgricultura e Pecuaria (Brazil)
_xISSN 0100-249X
_g(Feb 1974), no. 587 p. 35
_wBR9510690
909 _a202311
_bLúcia
_c55
_dLúcia Elande
942 _2AGRIS
_n0
_cANA
999 _c145406
_d145406